|
|
|
|
| LEADER |
00000naa2a2200000 4500 |
| 001 |
382766 |
| 005 |
20231101063023.0 |
| 035 |
|
|
|a (RuTPU)RU\TPU\prd\7163
|
| 090 |
|
|
|a 382766
|
| 100 |
|
|
|a 20021003a2002 k y0rusy50 ca
|
| 101 |
0 |
|
|a rus
|
| 102 |
|
|
|a RU
|
| 200 |
1 |
|
|a Пушкин и Троцкий. Братья навек?
|f Л. Аннинский
|
| 225 |
1 |
|
|a Насущное
|
| 461 |
|
1 |
|0 (RuTPU)RU\TPU\prd\1710
|x 0235-7089
|t Родина
|o исторический иллюстрированный журнал
|f Российская Федерация, Президент, Администрация
|d 1989-
|
| 463 |
|
1 |
|0 (RuTPU)RU\TPU\prd\1917
|t № 2
|v С. 15
|d 2002
|
| 600 |
|
1 |
|a Пушкин
|g Александр Сергеевич
|c писатель, поэт
|f 1799 - 1837
|2 stltpui
|3 (RuTPU)RU\TPU\pers\1026
|
| 600 |
|
1 |
|a Троцкий
|g Лев Давидович
|2 stltpui
|3 (RuTPU)RU\TPU\pers\1059
|
| 610 |
1 |
|
|a евреи
|
| 610 |
1 |
|
|a российская история
|
| 700 |
|
1 |
|a Аннинский
|b Л.
|g Лев
|
| 801 |
|
1 |
|a RU
|b 63413507
|c 20021003
|g PSBO
|
| 801 |
|
2 |
|a RU
|b 63413507
|c 20140218
|g PSBO
|
| 942 |
|
|
|c BK
|